Štátny rozpočet

Guardado en:
Detalles Bibliográficos
Autor principal: Lipták, Juraj
Autor Corporativo: Vysoká škola ekonomická v Bratislave. Národohospodárska fakulta
Formato: Libro
Lenguaje:eslovaco
Publicado: Bratislava VŠE 1980
Etiquetas: Agregar Etiqueta
Sin Etiquetas, Sea el primero en etiquetar este registro!

MARC

LEADER 00000nam a2200000 4500
001 c142316
005 20230116122833.6
041 0 |a slo 
044 |a SK 
245 1 0 |a Štátny rozpočet  |c Juraj Lipták a kol. 
264 1 |a Bratislava  |b VŠE  |c 1980 
300 |a 282 s. 
100 1 |a Lipták, Juraj 
710 2 |a Vysoká škola ekonomická v Bratislave. Národohospodárska fakulta